| 000 | 00781nam a2200277Ia 4500 | ||
|---|---|---|---|
| 001 | Z_2747 | ||
| 003 | CHAP | ||
| 008 | 220113s1994 xx 000 0 und d | ||
| 010 | _a165807 | ||
| 040 | _cCHAP | ||
| 082 | _a633.2 N38 | ||
| 100 |
_aNational Conference on Forage Quality, Evaluation and utilization (1994 : University of Nebraska) _9139835 |
||
| 245 |
_aForage quality, evaluation, and utilization / _ced. by George C. Fahey |
||
| 260 |
_aMadison, Wis. : _bAmerican Society of Agronomy, _c1994 |
||
| 300 | _a998 p. | ||
| 440 | _a | ||
| 500 | _aFotocopía | ||
| 503 | _a191375 C. 2 FOTOCOPÍA | ||
| 650 |
_aForrajes I. Fahey, George C. II. t. _9139836 |
||
| 901 | _a633.2 N38 | ||
| 902 | _aA | ||
| 910 | _a1994 | ||
| 942 | _c1 | ||
| 942 | _cc1 | ||
| 999 |
_c165807 _d165807 |
||